000 004510000a22001810004500
003 MACL
005 20160129163301.0
008 160129b xxu||||| |||| 00| 0 eng d
040 _aMACL
_cMACL
041 _aEnglish
082 _a823/HUS
100 _aHussein, Aamer
_935666
245 _aThe Blue Direction and other stories
260 _bPenguin Books
_c1999
_aNew Delhi
350 _a200
650 _aStories
_935667
942 _cBK
_k823/HUS
_2ddc
999 _c31472
_d31472